| 000 | 00507 a2200169 4500 | ||
|---|---|---|---|
| 999 |
_c4332 _d4332 |
||
| 020 | _a8120307003 | ||
| 050 | _aLB3051EBE1991 | ||
| 100 |
_aEbel,Robert L _eauthor |
||
| 245 |
_aEssentials of educational measurement / _cRobert L Ebel andDavid A.Frisbie |
||
| 250 | _a5th ed | ||
| 264 |
_aEnglewood Cliffs: _bPrentice-Hall, _c1991 |
||
| 300 | _a370p. : | ||
| 500 | _aincludes index | ||
| 650 | _aEducational tests and measurements. | ||
| 650 | _aExaminations -- Evaluation. | ||
| 942 |
_2lcc _cBK _h3051 _iEBE _kLB |
||